El horizonte chileno

Saved in:
Bibliographic Details
Main Author: Azcoaga, Juan E.
Format: Book
Language:Spanish
Published: Buenos Aires, Cuenca ediciones 1973.
Subjects:
LEADER 00898nam a22002531 4500
001 c000145436
003 CARM
005 00000000000000.0
008 760916s1973 ag b 00010 spa
019 1 |a 1101465  |5 LACONCORD2021 
035 |a (OCoLC)1123663  |5 LACONCORD2021 
050 0 0 |a HC192  |b .A93 
100 1 |a Azcoaga, Juan E. 
245 1 3 |a El horizonte chileno  |c [por] Juan E. Azcoaga. 
260 |a Buenos Aires,  |b Cuenca ediciones  |c 1973. 
300 |a 291 p.  |c 21 cm. 
504 |a Bibliography: p.[285]-291. 
610 2 0 |a Unidad Popular 
650 0 |a Socialism  |z Chile. 
651 0 |a Chile  |x Economic conditions  |y 1918- 
651 0 |a Chile  |x Social conditions. 
852 8 |b CARM  |h A2:AF26C0  |i B01611  |p 0070266  |f BK 
999 f f |i a4446952-ad77-5ab3-aa95-5cdd222c985e  |s f11d2b00-4240-591a-80f6-2a3efd1d1aec 
952 f f |p Can circulate  |a CAVAL  |b CAVAL  |c CAVAL  |d CARM 1 Store  |e B01611  |f A2:AF26C0  |h Other scheme  |i book  |m 0070266